| 000 | 005630000a22002050004500 | ||
|---|---|---|---|
| 999 |
_c48577 _d48577 |
||
| 001 | 1416 | ||
| 003 | CO-MdFUSB | ||
| 005 | 20180409144247.0 | ||
| 008 | 180409b xxu||||| |||| 00| 0 eng d | ||
| 020 | _a958-30-0027-2 | ||
| 040 | _cCO-MdBIC | ||
| 082 | 0 | 4 | _a796 P41tm |
| 100 | 1 | _aPerea Rosero, Tucídides | |
| 245 | 1 | 0 | _aTenis de mesa / Tucídides Perea Rosero; ilustraciones Mauricio Osorio |
| 250 | _a5a ed. / Edición Gabriel Silva Rincón | ||
| 260 | _aBogotá : Panamericana Editorial | ||
| 300 | _a100 P. | ||
| 650 | 1 | 4 | _aTENIS DE MESA |
| 942 | _cLGB | ||